| 000 | 02103nam a22002417a 4500 | ||
|---|---|---|---|
| 003 | OSt | ||
| 005 | 20250805105621.0 | ||
| 008 | 220303b ||||| |||| 00| 0 eng d | ||
| 020 | _a9788131201114 | ||
| 040 | _cAL | ||
| 041 | _aEnglish | ||
| 082 |
_223 _a574.192 _bMETB |
||
| 100 |
_aDavid E Metzler _9233898 |
||
| 245 |
_aBiochemistry _b: The Chemical Reactions of Living Cells Ed 2 |
||
| 250 | _a2 | ||
| 260 |
_aNew Delhi _bElsevier _c2006 |
||
| 300 |
_axxi,937p _bPB _c28x21 cm |
||
| 365 |
_aMLSH21CRB334 _b₹1598.00 _c₹ _d₹1997.50 _e20% _f20-02-2022 |
||
| 440 |
_aVol 1 _9214075 |
||
| 520 |
_aBiochemistry: The Chemical Reactions of Living Cells is a well-integrated, up-to-date reference for basic biochemistry, associated chemistry, and underlying biological phenomena. Biochemistry is a comprehensive account of the chemical basis of life, describing the amazingly complex structures of the compounds that make up cells, the forces that hold them together, and the chemical reactions that allow for recognition, signaling, and movement. This book contains information on the human body, its genome, and the action of muscles, eyes, and the brain. _bKey Features * Thousands of literature references provide introduction to current research as well as historical background * Contains twice the number of chapters of the first edition * Each chapter contains boxes of information on topics of general interest Table of Contents Volume 1: Scene of Action; Amino Acids, Peptides, and Proteins; Determining Structures and Analyzing Cells; Sugars, Polysaccharides, and Glycoproteins; The Nucleic Acids; Thermodynamics and Biochemical Equilibria; How Macromolecules Associate; Lipids, Membranes, and Cell Coats; Enzymes: The Catalysts of Cells; An Introduction to Metabolism; The Regulation of Enzymatic Activity; Transferring Groups by Displacement Reactions; Enzymatic Addition, Elimination, and Isomerization; Coenzymes: Nature's Special Reagents; Coenzymes of Oxidation and Reduction; Transition Metals in Catalysis and Transport |
||
| 650 |
_aBiochemistry _922511 |
||
| 942 |
_2ddc _cBK |
||
| 999 |
_c221682 _d221682 |
||